Normal view
MARC view
Entry Personal Name
001 - CONTROL NUMBER
- control field: 17686
003 - CONTROL NUMBER IDENTIFIER
- control field: OSt
005 - DATE AND TIME OF LATEST TRANSACTION
- control field: 20211105134211.0
008 - FIXED-LENGTH DATA ELEMENTS
- fixed length control field: 211105|| aca||aabn | a|a d
040 ## - CATALOGING SOURCE
- Original cataloging agency: OSt
- Transcribing agency: OSt
100 ## - HEADING--PERSONAL NAME
- Personal name: Lambert, David L., ed
670 ## - SOURCE DATA FOUND
- Source citation: Work cat.: (OSt): Symposium in Celebration of the Fiftieth Anniversary of McDonald Observatory Austin 1989 17685, Frontiers of stellar evolution, 1991